Mars or Hershey? Quiz Stats

 Plays Quiz Updated Jul 25, 2017

Support Sporcle.
Go Orange.
Score 0/34 Timer 05:00
0 Plays Today
Candy (M)ars or (H)ershey? % Correct
Mars Bar???
83.6%
Hershey's Milk Chocolate Bar???
74.6%
Milky Way???
69.4%
Skittles???
68.7%
Starburst???
67.5%
M&M's???
67.4%
Snickers???
67.1%
Twix???
64.4%
Orbit???
63.9%
Galaxy???
63.2%
Juicy Fruit???
62.6%
Reese's Peanut Butter Cups???
61.5%
Extra???
61.4%
Eclipse???
60.8%
Mr. Goodbar???
60.2%
Altoids???
59%
3 Musketeers???
57.8%
Candy (M)ars or (H)ershey? % Correct
Winterfresh???
57.2%
Life Savers???
57.1%
Dove???
55.9%
5???
54.4%
York Peppermint Pattie???
54%
Almond Joy???
53.3%
Mounds???
51.4%
Take 5???
50.7%
Milk Duds???
50.5%
Whoppers???
50.4%
Twizzlers???
49.1%
PayDay???
48.7%
Kit Kat???
48.2%
Jolly Ranchers???
45.7%
Good & Plenty???
45%
Ice Breakers???
43.6%
Rolo???
40.7%

You're not logged in!

Compare scores with friends on all Sporcle quizzes.
OR
Log In
Forgot?

From the Vault

The Simpsons Whacking Day Hymn

by oldkent

It has something to do with snakes, right?
Remove Ads.
Support Sporcle.
Get the best of Sporcle when you Go Orange. This ad-free experience offers more features, more stats, and more fun while also helping to support Sporcle. Thank you for becoming a member.

Show Comments

Extras

Top Quizzes Today


Score Distribution

Your Account Isn't Verified!

In order to create a playlist on Sporcle, you need to verify the email address you used during registration. Go to your Sporcle Settings to finish the process.

Report this User

Report this user for behavior that violates our Community Guidelines.

Details: